[Event "EICC 2019"]
[Site "Skopia"]
[Date "2019.03.18"]
[Round "1.20"]
[White "Edouard, Romain"]
[Black "Megalios, Konstantinos"]
[Result "1-0"]
[WhiteElo "2658"]
[BlackElo "2416"]
[Annotator "TA"]
[PlyCount "109"]
[EventDate "2019.03.18"]
[EventType "swiss"]
[EventCountry "MKD"]
[SourceTitle "playchess.com"]
[Source "ChessBase"]
[SourceQuality "1"]

{[%evp 20,109,12,12,12,14,15,6,14,0,8,0,57,54,52,53,55,36,37,26,50,11,8,4,8,5,29,19,32,19,45,0,0,0,50,48,46,46,56,51,60,44,38,27,27,31,36,28,35,23,22,22,26,23,28,23,101,101,101,101,101,101,101,101,128,125,127,34,287,290,265,237,1201,1095,5093,2066,5081,1732,29976,29976,29976,29977,29977,29978,29978,29977,29980,29981,29981,29982,29982,29983]} 1. d4 Nf6 2. c4 e6 3. Nc3 Bb4 4. Nf3 c5 5. g3 cxd4 6. Nxd4 O-O 7. Bg2 d5 8. cxd5 Nxd5 9. Qb3 Nc6 10. Nxc6 bxc6 11. O-O Rb8 {E20: Nimzo-Indian: 4 g3 and 4 f3} 12. Qc2 Ba6 13. Na4 (13. Rd1 Bxc3 14. bxc3 Qa5 15. Bb2 Bc4 16. Rd4 Qa6 17. e4 Nb6 18. a4 e5 19. Rd2 Qa5 20. Rd6 c5 21. Bh3 Nc8 22. Rd2 Nb6 23. Rd6 Nc8 24. Rd2 Nb6 25. Rd6 {½-½ (25) Vachier Lagrave,M (2789)-Aronian,L (2764) Stavanger 2018}) 13... Bb5 {The position is equal.} 14. a3 Be7 15. Bf3 {[#]} Bxa4 $146 ({Better is} 15... Re8 $11) ({Predecessor:} 15... e5 16. Rd1 Qa5 17. b3 f5 18. Bb2 e4 19. Bg2 Bxa4 20. bxa4 Rxb2 21. Qxb2 {½-½ (55) Cheparinov,I (2679)-Meier,G (2608) Budva 2009}) 16. Qxa4 $14 Qb6 17. e4 Nc7 18. Bf4 Rbd8 19. Be3 c5 $1 20. Rab1 Nb5 21. e5 Nd4 22. Be4 Qc7 23. f4 Rd7 24. Qc4 Rfd8 25. g4 (25. Rfc1 $5 {[%cal Rb2b4]}) 25... Qb8 26. Rfd1 a5 27. b4 axb4 28. axb4 Qa7 29. Ra1 Qb6 30. b5 {Black must now prevent Ra6.} Ra7 31. Ra6 Qxb5 32. Qxb5 Nxb5 33. Rxd8+ Bxd8 34. Rc6 {Strongly threatening Rc8.} Rc7 35. Rb6 Nd4 36. Rb8 {[%cal Rb8d8]} Rd7 37. f5 f6 (37... exf5 $1 $11 {remains equal.} 38. gxf5 Kf8) 38. Bxd4 $16 Rxd4 39. fxe6 {[%mdl 4096] Endgame KRB-KRB} Kf8 40. exf6 gxf6 41. Bf5 h6 {[#]} 42. Kg2 $1 Rd5 43. Bg6 ({White should try} 43. Kg3 $16) 43... Ke7 $2 {[%mdl 8192] [#]} (43... c4 $14) 44. Rb7+ $1 $18 Kd6 {Black wants to play ...Rd2+.} 45. Bf7 {Rd7+ is the strong threat.} Bc7 $2 {[#]} (45... Rd4 46. Kf3 c4 47. Rd7+ {[%mdl 64] Double Attack} Kc5) 46. Rxc7 $1 {[%mdl 576] And now Rd7+ would win. Deflection} Kxc7 {KR-KB} 47. e7 Re5 48. e8=Q Rxe8 49. Bxe8 {KB-K3P. White mates.} Kd6 50. Bg6 Ke5 51. Kg3 c4 52. h3 c3 53. Kh4 Kf4 54. Bf5 Kf3 55. Kh5 {Accuracy: White = 80%, Black = 39%.} 1-0

[Event "EICC 2019"]
[Site "Skopia"]
[Date "2019.03.18"]
[Round "1.21"]
[White "Tica, Sven"]
[Black "Kovalenko, Igor"]
[Result "0-1"]
[WhiteElo "2416"]
[BlackElo "2658"]
[Annotator "TA"]
[PlyCount "58"]
[EventDate "2019.03.18"]
[EventType "swiss"]
[EventCountry "MKD"]
[SourceTitle "playchess.com"]
[Source "ChessBase"]
[SourceQuality "1"]

{[%evp 15,58,-6,7,-10,22,0,17,-18,-18,-15,-19,-15,-14,-47,-50,-50,-22,-46,-52,-54,-56,-54,0,0,9,-75,-80,-87,-107,-99,-59,-56,-55,-68,-64,-66,-51,-76,-67,-239,-242,-241,-244,-389,-252]} 1. d4 g6 2. c4 Bg7 3. Nc3 c5 4. e3 Nf6 5. Nf3 O-O 6. Be2 d5 7. O-O dxc4 8. Bxc4 Nc6 9. h3 {D94: Grünfeld: 4 Nf3 Bg7 5 e3} Nd7 10. d5 Nb6 $146 ({Predecessor:} 10... Na5 11. Be2 a6 12. e4 b5 13. Bf4 Nb6 14. Rc1 Re8 15. Be3 Nb7 16. a3 e5 {0-1 (40) Heberla,B (2538)-Brodowski,P (2417) Czechia 2010}) 11. Be2 {The position is equal.} (11. Bb3 {seems wilder.} c4 12. dxc6 cxb3 13. axb3 bxc6 14. e4) 11... Bxc3 12. dxc6 Qxd1 13. Rxd1 Bg7 14. cxb7 Bxb7 15. a4 Bc6 16. a5 Na4 17. Ra2 Rab8 {[%cal Ra4b2]} 18. Rd2 Rb4 ({Black should try} 18... Rfd8 $15) 19. Ne1 $1 $11 Rfb8 {[%cal Ra4b2]} 20. Nc2 (20. Nd3 $11) 20... Rb3 $17 {[%cal Ra4b2]} 21. Bf3 Bxf3 22. Rxa4 Ba8 23. Rc4 R3b5 $36 {[%mdl 2048] Black is more active.} 24. Rd7 Rxa5 25. Bd2 Ra2 26. Rxc5 Raxb2 {White must now prevent ...Be4.} 27. Rxa7 $2 {[#]} (27. f3 $15) 27... Be4 $19 28. Rac7 Rd8 29. Be1 (29. f3 {was worth a try.} Bxc2 30. Rc8 Rxc8 31. Rxc8+ Bf8 32. e4) 29... Rb1 {Accuracy: White = 43%, Black = 73%.} 0-1

[Event "EICC 2019"]
[Site "Skopia"]
[Date "2019.03.18"]
[Round "1.22"]
[White "Parligras, Mircea-Emilian"]
[Black "Gaehwiler, Gabriel"]
[Result "1-0"]
[WhiteElo "2657"]
[BlackElo "2414"]
[Annotator "TA"]
[PlyCount "61"]
[EventDate "2019.03.18"]
[EventType "swiss"]
[EventCountry "MKD"]
[SourceTitle "playchess.com"]
[Source "ChessBase"]
[SourceQuality "1"]

{[%evp 15,61,0,0,0,55,0,0,0,0,-20,-26,0,15,5,11,5,6,14,18,8,66,53,44,62,72,67,53,83,97,104,95,98,83,85,82,79,132,144,147,146,129,138,200,212,209,209,223,228]} 1. Nf3 Nf6 2. c4 e6 3. Nc3 d5 4. e3 c5 5. cxd5 Nxd5 6. Nxd5 {A17: English Opening: 1...Nf6 with ...Bb4} exd5 7. b4 cxb4 8. Bb2 Nc6 {LiveBook: 5 Games} 9. Rc1 Be6 $146 (9... f6 $11) ({Predecessor:} 9... a6 10. Nd4 Nxd4 11. Bxd4 Bf5 12. Be2 Qd7 13. Qb3 Be6 {1-0 (29) Sargissian,G (2657)-Bok,B (2611) Heraklio 2017}) 10. Nd4 (10. Bb5 $14) 10... Nxd4 $11 11. Bxd4 f6 12. Bd3 Bd6 13. Qh5+ Bf7 14. Qg4 O-O 15. Qf5 {[%csl Gd3][%cal Rf5h7] [#]} g6 $132 {[%mdl 2048] Black has counterplay} 16. Qxf6 Qxf6 17. Bxf6 d4 (17... Rfc8 $11 18. Rxc8+ Rxc8) 18. Bxd4 $14 Bxa2 19. Ra1 $1 {[%cal Ra1a2]} Bf7 20. Rxa7 Rxa7 21. Bxa7 Ra8 22. Bd4 Bc5 {aiming for ...Bxd4.} 23. Be5 ({But not} 23. Bxc5 $6 Ra1+ 24. Ke2 Rxh1 $11) 23... Bd6 24. Bb2 ({Much worse is} 24. Bxd6 Ra1+ 25. Ke2 Rxh1 $11) 24... Ra2 25. Bd4 Bc5 {[#]} (25... b3 $142) 26. Bb1 $1 $16 {[%cal Rb1a2]} ({Don't play} 26. Bxc5 $6 Ra1+ 27. Ke2 Rxh1 $11) 26... Ra5 27. Bb2 b3 28. Ke2 Ba3 (28... Bd5 $16) 29. Bxa3 $18 Rxa3 30. Kd3 Ra1 31. Kc3 {Precision: White = 80%, Black = 50%.} 1-0

[Event "EICC 2019"]
[Site "Skopia"]
[Date "2019.03.18"]
[Round "1.23"]
[White "Erdogdu, Mert"]
[Black "Gelfand, Boris"]
[Result "0-1"]
[WhiteElo "2413"]
[BlackElo "2655"]
[Annotator "TA"]
[PlyCount "112"]
[EventDate "2019.03.18"]
[EventType "swiss"]
[EventCountry "MKD"]
[SourceTitle "playchess.com"]
[Source "ChessBase"]
[SourceQuality "1"]

{[%evp 16,112,0,0,12,0,12,10,56,26,59,-27,0,-39,0,0,0,0,0,0,59,64,35,0,0,0,231,0,0,-48,-36,-47,-42,-56,0,0,0,0,0,-47,-11,0,0,-3,0,-83,-83,-95,-100,-100,-100,-108,-103,-110,-103,-109,-112,-119,-109,-150,-109,-156,-131,-142,0,-131,0,-149,-103,-104,-107,-126,0,-79,-79,-74,-52,-106,-20,-52,-21,-114,-85,-84,-34,-81,-33,-120,-124,-890,-185,-184,-181,-7723,-7208,-6335,-6333,-6138,-5862]} 1. c4 e5 2. Nc3 Nf6 3. Nf3 Nc6 4. g3 d5 5. cxd5 Nxd5 6. Bg2 Bc5 7. O-O O-O 8. d3 Nxc3 9. bxc3 Rb8 {A29: English Opening: Four Knights Variation with 4 g3} 10. Rb1 (10. a4 Be6 11. Ng5 Bg4 12. Ne4 Be7 13. Ba3 Bxa3 14. Rxa3 b6 15. Re1 Qe7 16. Ra1 Rbd8 17. Qb3 {1-0 (57) Ding,L (2778)-Dubov,D (2696) Liaocheng 2018}) 10... Be6 11. Ng5 Bg4 $146 {The position is equal.} ({Predecessor:} 11... Bd7 12. Ne4 Bb6 13. Bd2 h6 14. Be3 Be6 15. a3 Qd7 16. c4 Bxe3 17. fxe3 {½-½ (27) Gerez,A-Turko,A Vung Tau 2008}) 12. Rb5 Be7 13. Rd5 ({Better is} 13. Bxc6 $14 bxc6 14. Rxe5) 13... Qc8 14. d4 f6 15. f3 Bd7 16. dxe5 Nxe5 17. f4 fxg5 (17... c6 $11 18. fxe5 cxd5 19. Qxd5+ Kh8 20. Nf7+ Rxf7 $1 {[%mdl 512]} 21. Qxf7 Qc5+ 22. Kh1 Qxe5) 18. Rxe5 $14 Bf6 19. Rd5 Be6 $1 20. Ba3 Rd8 $2 (20... gxf4 $11 {and Black has nothing to worry.} 21. Bxf8 (21. Rxf4 Re8 $15) 21... Qxf8) 21. Rxd8+ $2 ({White has to play} 21. fxg5 $18 Bxg5 22. Rxd8+ Qxd8 23. Rf8+ Qxf8 24. Bxf8 Be3+ 25. Kh1 Rxf8 26. Bxb7) 21... Qxd8 $11 22. Qc2 Qd7 23. e4 gxf4 24. gxf4 Be7 (24... g6 $15) 25. Rd1 Qe8 26. Bxe7 Qxe7 27. Qd2 Bg4 28. Qd5+ Kh8 29. Rd2 Qh4 30. h3 {[#]} (30. Rf2 $11) 30... Be6 $1 $17 {[%cal Re6d5][%mdl 512]} 31. Qd4 (31. Qxe6 Qe1+) 31... Qxf4 32. Qxa7 Rf8 33. Qd4 Qg5 34. Kh2 h5 35. e5 h4 $1 36. Rd3 c6 37. a3 Kh7 38. Qe4+ Kg8 {White must now prevent ...Rf2.} 39. Qd4 Kh7 40. Qe4+ $1 Kg8 {aiming for ...Rf2.} 41. Qd4 Kh8 42. a4 Kh7 43. Qe4+ Kh8 {...Rf2 is the strong threat.} 44. Qd4 Kg8 45. Kh1 Kh7 46. Qe4+ (46. Qg1 $15) 46... Kh8 (46... Bf5 $17 47. Qe3 Qxe3 48. Rxe3 Re8) 47. Qd4 Ra8 48. Kh2 (48. Rf3 $11 {remains equal.}) 48... Kg8 49. Kh1 Kh7 50. Be4+ g6 51. Bg2 (51. Rf3 $15) 51... Ra5 52. Re3 $2 {[%mdl 8192] [#]} (52. Qd8 $17 Qxd8 53. Rxd8) 52... b5 $2 (52... Rd5 $1 {[%mdl 512]} 53. Qe4 (53. Bxd5 Bxd5+) 53... Rd2) 53. Re1 $19 Rxa4 $40 {[%mdl 128] Black is out for blood.} 54. Qd6 $2 {[#]} (54. Qd3) 54... Ra2 $1 {[%csl Ga2][%cal Rg5g2] Black is clearly winning.} 55. Rg1 {[#]} Rxg2 $1 {[%mdl 576] Remove Defender} 56. Rxg2 Bd5 {Accuracy: White = 39%, Black = 47%.} 0-1

[Event "EICC 2019"]
[Site "Skopia"]
[Date "2019.03.18"]
[Round "1.24"]
[White "Fressinet, Laurent"]
[Black "Ioannidis, Evgenios"]
[Result "1-0"]
[WhiteElo "2652"]
[BlackElo "2412"]
[Annotator "TA"]
[PlyCount "61"]
[EventDate "2019.03.18"]
[EventType "swiss"]
[EventCountry "MKD"]
[SourceTitle "playchess.com"]
[Source "ChessBase"]
[SourceQuality "1"]

{[%evp 10,61,26,25,32,30,15,10,19,8,18,6,61,51,53,63,51,58,51,41,39,38,38,38,83,83,102,93,114,113,116,99,123,102,93,105,123,132,126,119,153,146,139,135,224,241,231,215,282,266,347,356,387,381]} 1. d4 d5 2. c4 c6 3. Nf3 Nf6 4. e3 Bf5 5. Nc3 a6 6. Qb3 Ra7 {D15: Slav Defence: 4 Nc3 a6 and gambit lines after 4 Nc3 dxc4} 7. Nh4 Bc8 8. Bd2 e6 {The position is equal.} 9. Nf3 Bd6 $146 ({Predecessor:} 9... Nbd7 10. c5 b6 11. cxb6 Qxb6 12. Qc2 Bd6 13. Rc1 Bb7 14. Bd3 {0-1 (40) Romanov,E (2636)-Malakhov,V (2712) Sochi 2017}) 10. Qc2 b5 (10... b6 $11) 11. e4 $36 {[%mdl 2048] White is pushing.} b4 12. e5 {[#] Threatens to win with Ne2.} bxc3 13. Bxc3 O-O 14. Bd3 dxc4 15. Bxc4 Nd5 {Strongly threatening ...Be7.} 16. exd6 Qxd6 17. Ng5 {[%csl Gg5][%cal Rc2h7]} f5 18. O-O Nd7 19. Rfe1 N7b6 20. Bf1 a5 21. Bd2 h6 22. Nf3 Ba6 23. Rac1 Bxf1 24. Kxf1 Rc8 {[#]} 25. Qc5 $1 {[%cal Rc5d6]} Qd7 26. Ne5 Qe7 (26... Qb7 $16 27. Kg1 (27. Nxc6 Qd7 $17) 27... Nd7) 27. Bxa5 $18 Qxc5 28. Rxc5 ({Resist} 28. dxc5 $6 Na4 $16) 28... Na4 29. Rxc6 Rb8 30. b4 ({Not} 30. Rxe6 Rxb2 31. Nc6 Rd7 $18) 30... Kh7 31. Rxe6 {Accuracy: White = 79%, Black = 43%.} 1-0

[Event "EICC 2019"]
[Site "Skopia"]
[Date "2019.03.18"]
[Round "1.25"]
[White "Nikitenko, Mihail"]
[Black "Moiseenko, Alexander"]
[Result "1/2-1/2"]
[WhiteElo "2408"]
[BlackElo "2648"]
[Annotator "TA"]
[PlyCount "118"]
[EventDate "2019.03.18"]
[EventType "swiss"]
[EventCountry "MKD"]
[SourceTitle "playchess.com"]
[Source "ChessBase"]
[SourceQuality "1"]

{[%evp 41,118,0,0,0,0,0,37,0,0,0,0,-31,-43,-38,-31,-47,-33,-37,-31,-107,-26,-100,-111,-94,-33,-18,-14,-14,-11,-14,-25,-29,-24,-72,0,0,0,-20,0,0,0,-3,0,0,0,-49,0,0,0,0,0,0,0,0,0,0,0,0,0,0,0,0,0,0,0,0,0,-114,-122,-122,0,0,0,-75,0,0,0,-68,0]} 1. e4 c5 2. Nf3 Nc6 3. d4 cxd4 4. Nxd4 Nf6 5. Nc3 e5 6. Ndb5 d6 7. Bg5 a6 8. Bxf6 gxf6 9. Na3 b5 10. Nd5 f5 11. g3 fxe4 12. Bg2 Bg7 13. Bxe4 Be6 14. Qh5 Rc8 15. c3 Ne7 16. Rd1 Rc5 17. Nb4 {B33: Sicilian: Pelikan and Sveshnikov Variations} Qb6 18. Qg5 Kf8 19. Qe3 f5 20. Bg2 e4 21. Nac2 a5 {LiveBook: 8 Games} 22. Nd4 Bc4 23. Nbc2 Kf7 24. Nb3 Bxb3 25. axb3 {[#]} b4 $146 {[%cal Rb4c3]} 26. cxb4 axb4 27. O-O Rb8 28. Qe2 d5 29. Kh1 Rbc8 30. Nd4 (30. Ne3 $15) 30... Kg8 (30... Bxd4 $17 31. Rxd4 Qh6) 31. f3 (31. Qe3 $11) 31... Bxd4 32. Rxd4 Rc2 (32... Rc1 $17 33. Rdd1 R1c2) 33. Rd2 $15 Rxd2 34. Qxd2 e3 35. Qd3 d4 36. f4 Qc5 37. Bf3 Kh8 (37... Kg7 $17) 38. Rd1 $11 Rd8 39. Ra1 Rd6 40. Kg2 Kg7 41. h4 Kh6 42. Kh3 Ng8 43. Ra6 Rxa6 44. Qxa6+ Kg7 45. h5 Qe7 46. Kg2 Nf6 47. Kf1 Qc7 48. Kg2 Qd7 49. Qd3 Ng4 50. Kg1 Nf2 51. Qa6 {[#] Black must now prevent h6+.} d3 {Hoping for ...d2.} 52. h6+ Kf7 $1 53. Bh5+ Ke7 $1 {aiming for ...d2.} 54. Qc4 (54. Qb6 $11) 54... Ne4 $17 {[#] And now ...e2 would win.} 55. Qxb4+ Qd6 56. Qb7+ Qd7 57. Qb4+ Qd6 (57... Nd6 $17 {Threatens to win with ...e2.} 58. Qa5 e2) 58. Qb7+ $11 Qd7 (58... Kd8 $11 59. Qa8+ Kc7 60. Qa7+ {[%mdl 64] Double Attack} Kc8 61. Qxe3 (61. Qxh7 $2 Qc5 $19) 61... d2) 59. Qb4+ $15 Qd6 {Accuracy: White = 64%, Black = 52%.} ({Black should try} 59... Nd6 $15 60. Qc5 e2) 1/2-1/2

[Event "EICC 2019"]
[Site "Skopia"]
[Date "2019.03.18"]
[Round "1.26"]
[White "Alekseenko, Kirill"]
[Black "Fernandes, Antonio"]
[Result "1-0"]
[WhiteElo "2644"]
[BlackElo "2405"]
[Annotator "TA"]
[PlyCount "83"]
[EventDate "2019.03.18"]
[EventType "swiss"]
[EventCountry "MKD"]
[SourceTitle "playchess.com"]
[Source "ChessBase"]
[SourceQuality "1"]

{[%evp 24,83,48,34,28,15,41,39,35,35,43,51,54,45,64,43,71,64,81,31,88,16,31,0,69,-19,90,85,100,97,89,86,99,47,69,71,81,82,112,74,82,74,93,29,25,11,22,11,37,20,91,91,183,183,183,183,184,184,393,184,6682,6470]} 1. e4 e5 2. Nf3 Nc6 3. Bb5 a6 4. Ba4 Nf6 5. O-O Be7 6. Re1 b5 7. Bb3 d6 8. c3 O-O 9. h3 Nb8 10. d4 Nbd7 11. c4 Bb7 12. Nc3 c6 13. a3 Re8 {C95: Closed Ruy Lopez: Breyer Variation with 10 d4} (13... Rb8 14. Be3 Ba8 15. Qc2 h6 16. Rad1 Qc7 17. Ba2 Rbc8 18. Rc1 Qb8 19. Nh4 Rfe8 20. Nf5 Bf8 21. cxb5 axb5 {0-1 (46) Smirin,I (2609)-Kamsky,G (2666) St Petersburg 2018}) 14. Qc2 Bf8 $146 ({Predecessor:} 14... exd4 15. Nxd4 Nc5 16. Bf4 bxc4 17. Bxc4 d5 18. exd5 cxd5 19. Bf1 Rc8 {½-½ (37) De Souza,J (2325)-Silva,R (2373) ICCF email 2011}) 15. Bg5 h6 {White is slightly better.} 16. Bh4 g5 {White must now prevent ...exd4.} 17. Bg3 Nh5 18. Bh2 Nf4 19. Rad1 Qe7 20. Ba2 Bg7 21. b4 Nf8 (21... bxc4 $14 22. Bxc4 a5) 22. a4 (22. Bxf4 $16 gxf4 23. d5) 22... a5 $11 23. Bxf4 (23. cxb5 {seems wilder.} axb4 24. d5 bxc3 25. dxc6 Bc8 26. Qxc3 g4 27. hxg4 Bxg4 28. Bb3) 23... gxf4 (23... axb4 $11 24. Bg3 bxc3) 24. dxe5 ({Reject} 24. axb5 $6 axb4 25. bxc6 bxc3 $11) (24. d5 $14) 24... dxe5 (24... axb4 $11 25. exd6 Qd7) 25. cxb5 $16 axb4 26. bxc6 Bxc6 27. Nd5 Bxd5 28. Bxd5 (28. exd5 $16 Qd6 29. Nd2) 28... Rac8 29. Qe2 Rc5 30. Rc1 Rec8 31. Rxc5 Rxc5 32. Rb1 Ng6 33. Kh2 ({White should try} 33. Qa6 $16) 33... Bf8 $1 $11 34. Ne1 Rc3 35. Qg4 Qg5 36. Qd7 $36 {[%mdl 2048] White is more active.} Qe7 (36... Qf6 $1 $11 {keeps the balance.}) 37. Qf5 $16 Kg7 {[#]} (37... Nh4 $16 38. Qh5 Qf6) 38. Rxb4 $1 $18 {[%mdl 512] Threatens to win with Rb6.} Rc7 (38... Qxb4 39. Qxf7+) 39. Rb6 {Strongly threatening Nf3.} Nh4 40. Qg4+ Ng6 $2 (40... Qg5 41. Nd3 Qxg4 42. hxg4 Ra7 43. Nxe5 Bc5) 41. Nd3 (41. Nf3 $142 Qc5 42. Rb2) 41... Rc3 $2 {[#]} (41... Qg5 42. Qxg5 hxg5) 42. Bxf7 $1 {[%mdl 512] Accuracy: White = 36%, Black = 28%.} 1-0

[Event "EICC 2019"]
[Site "Skopia"]
[Date "2019.03.18"]
[Round "1.27"]
[White "Duzhakov, Ilya"]
[Black "Kuzubov, Yuriy"]
[Result "1/2-1/2"]
[WhiteElo "2405"]
[BlackElo "2644"]
[Annotator "TA"]
[PlyCount "75"]
[EventDate "2019.03.18"]
[EventType "swiss"]
[EventCountry "MKD"]
[SourceTitle "playchess.com"]
[Source "ChessBase"]
[SourceQuality "1"]

{[%evp 28,75,29,21,28,18,8,12,16,22,25,25,29,28,23,22,13,0,0,0,0,0,0,0,0,0,0,0,0,0,113,0,0,0,0,0,0,0,0,0,0,0,0,0,0,0,0,0,0,0]} 1. e4 c5 2. Nf3 Nc6 3. d4 cxd4 4. Nxd4 Nf6 5. Nc3 e5 6. Ndb5 d6 7. Bg5 a6 8. Na3 b5 9. Nd5 Be7 10. Bxf6 Bxf6 11. c3 Rb8 12. Nc2 Bg5 13. a4 bxa4 14. Ncb4 Nxb4 15. Nxb4 {Nc6 is the strong threat.} Bd7 {B33: Sicilian: Pelikan and Sveshnikov Variations} 16. Bxa6 Qa5 {[#] Threatens to win with ...Rxb4.} 17. Qxd6 Rb6 18. Qd3 Be6 {Strongly threatening ...Be7.} (18... Be7 19. Nd5 Rxb2 20. O-O Qc5 21. c4 Rb3 22. Qe2 Bd6 23. Bb5 Bxb5 24. cxb5 Qxb5 {½-½ (34) Dominguez Perez,L (2734)-Grischuk,A (2780) Khanty-Mansiysk 2015}) 19. Bc4 Rxb4 20. Bxe6 fxe6 21. cxb4 Qxb4+ 22. Kf1 O-O 23. Qe2 Be7 $146 {aiming for ...Bc5.} 24. Ra3 Bc5 25. Rf3 Bd4 {White must now prevent ...Rxf3.} 26. Qa6 Rxf3 27. gxf3 $11 {[%mdl 4096] Endgame KQR-KQB} Kf7 28. Qc6 Kf6 {[#]} (28... Qxb2 $11 {keeps the balance.} 29. Qd7+ Kf8 30. Qd8+ Kf7 31. Qd7+ Kf8 32. Qd8+ Kf7 33. Qd7+) 29. Qd7 (29. Qe8 $1 $16) 29... Qd2 {[%csl Gd4][%cal Rd2f2] The position is equal.} (29... Qxb2 $5 30. Qd8+ $8 Kf7 31. Qd7+ Kf8 32. Qd8+ Kf7 33. Qd7+ Kf6 34. Qd8+ Kf7 $11) 30. Qd8+ Kg6 {[%csl Gd4][%cal Rd2f2]} 31. Qe8+ Kh6 {[%csl Gd4][%cal Rd2f2]} 32. Qxe6+ g6 {[%csl Gd4][%cal Rd2f2]} 33. Qh3+ Kg7 {[%csl Gd4][%cal Rd2f2]} 34. Qd7+ Kf6 {[%csl Gd4][%cal Rd2f2]} (34... Kh6 $5 35. Qh3+ $8 Kg7 36. Qd7+ Kh6 37. Qh3+ $11) 35. Qd6+ Kf7 {[%csl Gd4][%cal Rd2f2]} 36. Qd7+ Kf6 {[%csl Gd4][%cal Rd2f2]} 37. Qd6+ Kf7 {[%csl Gd4][%cal Rd2f2]} 38. Qd7+ {Accuracy: White = 82%, Black = 81%.} 1/2-1/2

[Event "EICC 2019"]
[Site "Skopia"]
[Date "2019.03.18"]
[Round "1.28"]
[White "Anton Guijarro, David"]
[Black "Soysal, Serkan"]
[Result "1-0"]
[WhiteElo "2643"]
[BlackElo "2405"]
[Annotator "TA"]
[PlyCount "61"]
[EventDate "2019.03.18"]
[EventType "swiss"]
[EventCountry "MKD"]
[SourceTitle "playchess.com"]
[Source "ChessBase"]
[SourceQuality "1"]

{[%evp 9,61,4,2,1,1,13,9,-13,-9,-12,-5,-12,-9,-44,1,0,0,0,3,9,15,14,8,0,0,0,0,0,0,0,0,0,0,0,0,-18,-5,-19,0,-287,0,0,0,0,412,365,984,979,956,760,759,735,676,372]} 1. Nf3 d5 2. b3 c5 3. e3 a6 4. Bb2 Nc6 5. g3 Nf6 6. Bg2 {A06: Réti Opening:1 Nf3 d5} Bg4 (6... g6 7. d4 Bg7 8. O-O cxd4 9. Nxd4 O-O 10. Nxc6 bxc6 11. c4 Bg4 12. Qc2 Qd7 {0-1 (62) Anton Guijarro,D (2642)-Inarkiev,E (2693) St Petersburg 2018}) 7. h3 $146 ({Predecessor:} 7. O-O Qd7 8. d3 Bh3 9. Nbd2 h5 10. Bxh3 Qxh3 11. Ng5 Qd7 12. h4 Ng4 {0-1 (73) Gimbutas,M (2124)-Narmontas,R (2091) Lithuania 2010}) 7... Bh5 8. g4 {The position is equal.} Bg6 9. Nh4 e6 10. Nxg6 hxg6 11. d3 Bd6 12. Nd2 Be5 13. c3 g5 14. Nf3 Nd7 15. Qd2 Bc7 16. c4 Ba5 17. Bc3 Bxc3 18. Qxc3 {[#]} d4 $1 $36 {[%mdl 2560] Black fights for an advantage.} 19. exd4 {aiming for d5.} Qf6 {[%cal Rc6d4]} 20. Qd2 Nxd4 21. Nxd4 Qxd4 22. Rd1 O-O-O 23. O-O Ne5 24. Qa5 $2 {[%mdl 8192]} (24. Rfe1 $1 $11) 24... Nxd3 $2 (24... Rxh3 $19 25. Bxh3 Nf3+ 26. Kg2 Nh4+ 27. Kg1 Rh8) 25. Qb6 {[%csl Gg2][%cal Rb6b7]} Rd7 26. Qa7 {Threatens to win with Qa8+.} Rh6 $2 {[%mdl 8192]} ({Don't go for} 26... Qd6 $2 {[#]} 27. Rxd3 $1 {[%mdl 512]} Qxd3 28. Qa8+ Kc7 29. Qxh8 $18) (26... Rhd8 $1 $11 {and Black has nothing to worry.}) 27. Rd2 Rf6 $2 (27... Qe5 28. Rfd1 (28. Rxd3 Rxd3 29. Qxb7+ {[%mdl 64] Double Attack} Kd8 $11) 28... Qb8 29. Qxb8+ Kxb8 30. Rxd3 Rxd3 31. Rxd3 Kc7) 28. Rfd1 $18 {White is clearly winning.} Rxf2 29. Qa8+ Kc7 30. Qxb7+ Kd8 31. Qxd7+ {Accuracy: White = 63%, Black = 47%.} ({Inferior is} 31. Rxd3 Rxg2+ 32. Kxg2 Rxb7 $11) 1-0

[Event "EICC 2019"]
[Site "Skopia"]
[Date "2019.03.18"]
[Round "1.29"]
[White "Gadimbayli, Abdulla"]
[Black "Zvjaginsev, Vadim"]
[Result "1/2-1/2"]
[WhiteElo "2404"]
[BlackElo "2642"]
[Annotator "TA"]
[PlyCount "63"]
[EventDate "2019.03.18"]
[EventType "swiss"]
[EventCountry "MKD"]
[SourceTitle "playchess.com"]
[Source "ChessBase"]
[SourceQuality "1"]

{[%evp 18,63,49,28,43,39,32,35,45,31,57,31,62,40,47,39,39,29,27,44,43,41,74,66,58,56,60,69,61,9,13,8,15,12,26,0,12,0,0,0,0,0,0,0,0,0,0,0]} 1. e4 d6 2. d4 Nf6 3. Nc3 g6 4. Nf3 Bg7 5. Be2 O-O 6. O-O a6 7. Re1 Nc6 8. d5 {B08: Pirc Defence: Classical System} Ne5 (8... Nb8 9. a4 e5 10. dxe6 Bxe6 11. Nd4 Nc6 12. Be3 Nxd4 13. Bxd4 c5 14. Be3 Qb6 15. Rb1 Rad8 {0-1 (67) Sasikiran,K (2673)-Andreikin,D (2719) Sitges 2018}) 9. Nxe5 dxe5 10. Bg5 {LiveBook: 6 Games. White is slightly better.} Qd6 11. Qd2 $146 ({Predecessor:} 11. a3 c6 12. Qd3 h6 13. Bh4 cxd5 14. Bxf6 Bxf6 15. Nxd5 Bg5 {½-½ (55) Pavlicek,M (2330)-Kadonas,K (1519) ICCF email 2015}) 11... Bd7 12. Qe3 h5 13. a3 Kh7 14. Nb1 (14. Rad1 {is interesting.} b5 15. h3 Kg8 16. f3 Rfd8 17. Na2) 14... Ng4 15. Bxg4 (15. Qg3 {looks sharper.} f5 16. Nd2 Bf6 17. Nc4 f4 18. Qf3) 15... Bxg4 16. h3 Bc8 17. Qb3 b5 18. c4 bxc4 19. Qxc4 Rb8 20. b4 Bd7 21. Nd2 e6 22. Rac1 Rfc8 23. Qa2 (23. Be3 $14) 23... exd5 $11 24. exd5 {And now Ne4 would win.} Rb5 25. Ne4 Qxd5 26. Qxd5 (26. Qb2 {seems wilder.} Bf5 27. Nf6+ Bxf6 28. Bxf6 e4 29. a4) 26... Rxd5 {The position is equal.} 27. Nf6+ (27. Bf6 {feels hotter.} Bf8 28. Ng5+ Kg8 29. Rxe5 Rb5 30. Ne4) 27... Bxf6 $1 28. Bxf6 c5 29. bxc5 Rcxc5 30. Rxc5 Rxc5 31. Bxe5 g5 32. Bd4 {Precision: White = 64%, Black = 65%.} 1/2-1/2